000 01118naa a22002897a 4500
001 BR7807564
003 BR-BrBNA
005 20240918174254.0
007 ta
008 230509b bl.||||| |||| 00| 0 por d
040 _aBR-BrBNA
_bpor
_cBiblioteca Nacional de Agricultura
041 _a(Pt)
072 _aL60
_b8500
_bG514
090 _aL60 BR7807564
100 1 _aLema, T. de
245 1 _aRepteis e anfibios [distribuicao geografica, Santa Catarina, Brasil]
260 3 _aPorto Alegre, RS (Brasil):
_c1978.
500 _aEstudos sobre o impacto ecologico da mineracao e do beneficiamento do carvao na Regiao Sul do estado de Santa Catarina Porto Alegre, RS (Brasil): 1978. p. 69-82 (BR7807564-AM)L60
650 _aREPTIL
650 _aANFIBIO
650 _aTAXONOMIA ANIMAL
650 _aDISTRIBUICAO GEOGRAFICA
650 _aSANTA CATARINA
773 0 _tEstudos sobre o impacto ecologico da mineracao e do beneficiamento do carvao na Regiao Sul do estado de Santa Catarina
_wL60 BR7807564
_gPorto Alegre, RS (Brasil), 1978. p. 69-82
909 _a202404
_bLucia
_c55
_dLucia Elande
942 _cAM
_2AGRIS
999 _c310024
_d310024